| 000 | 00348nam a22001457a 4500 | ||
|---|---|---|---|
| 003 | SGT | ||
| 020 | _a978-81-7473-332-0 | ||
| 082 |
_a603 _bB14B |
||
| 100 | _aBANSAL, SHRINANDAN | ||
| 245 | _aBANSAL'S NEW MEDICAL DICTIONARY( ENGLISH TO HINDI) | ||
| 260 |
_aNEW DELHI _bAITBS . PUB _c2014 |
||
| 300 | _a1149 | ||
| 650 | _aDICTIONARY | ||
| 942 |
_2ddc _cBK |
||
| 999 |
_c9635 _d9635 |
||